00608 2200229 4500001002100000005001500021035002000036008004100056245007100097100001800168250001000186260003700196300002900233020002200262084002000284082001400304650002000318990001000338990001000348990001000358990001000368INLIS00000000001205520260424084025 a0010-0426000026260424 g 1 ind 1 aIslam kita nggak ke mana-mana kok disuruh kembali /cAhmad Khadafi aAhmad Khadafi aCet.5 aYogyakarta :bMojok Group,c2019 axii, 219 hlm ;c14x20 cm a978-623-7284-01-7 a899.221 3 AHM i a899.221 3 4aFiksi Indonesia a58284 a58283 a58285 a58286